01041nas a2200253Ia 4500001001100000003000900011008004100020040001300061040001300074041001300087100004600100210001200146222001200158245009000170250001100260260002200271501008600293300002000379362003500399500026000434650004300694700002100737700002900758R142/77680IT-RoPAU151124c99999999xx |||||||||||| ||und|| aIT-RoPAU cIT-RoPAU aFRANCESE aDordick HerbertgCodice Aut. SPICS: 30367 aRESEAUX aReseaux aRESEAUX, N.055 (SETTEMBRE/OTTOBRE 1992)bTelephone Dans la Vie De Tous Les Jours (Le) a1a ed. aPARISbCNETc1992 bPaulus - SPICS - Società San Paolo EM (non-commercial uses only)cCopyright2015 a23 p. [107-129] aN.055 (SETTEMBRE/OTTOBRE 1992) aTelefono nella Vita di Tutti i Giorni. Una Inchiesta Sull'Uso Domestico del Telefono. Funzioni Relazionali del Telefono. Lavoro a Domicilio. Bilanciodelle Chiamate. Motivazioni per L'Utilizzazione del Telefono. Interlocutori Telefocnici. Oggetto Delle Com aCOMUNICAZIONEvPUBBLICAZIONE PERIODICA aLarose Robert J. gCodice Aut. SPICS: 45607